000 01381nam a2200325 a 4500
001 000015044
003 DO-SdBNP
005 20240206123230.0
008 100129s2000 dr 001 0bspa d
020 _a9993401552
040 _aDO-SdBNP
_bspa
_cBPMSU
082 _a923.1097293
_bH594c, 2000
_222
100 1 _aCastro, Víctor Manuel de,
_d1872-1924
245 1 0 _aCosas de Lilís ;
_bMás cosas de Lilís /
_cVíctor M. de Castro, Gustavo E. Bergés Bordas ; prólogo Américo Lugo.
250 _a2a ed.
260 _aSanto Domingo :
_bEdiciones Librería La Trinitaria,
_c2000.
_f
300 _a76, 67 p. ;
_c21 cm.
500 _aIncluye datos biográficos de los autores en la contracubierta
500 _aPublicado con: Más cosas de Lilís / Gustavo E. Bergés Bordas.
563 _aDos obras encuadernadas juntas con paginación independiente.
590 _aInventariado, 2024/VM
600 1 4 _aHeureaux, Ulises
_d1845-1899
_vAnécdotas, chistes, sátiras, etc
650 4 _aPresidentes
_zRepública Dominicana
_vAnécdotas, chistes, sátiras, etc
650 4 _aPresidentes
_zRepública Dominicana
_vBiografías
651 4 _aRepública Dominicana
_xHistoria
_y1844-1930
700 1 _aBergés Bordas, Gustavo E.,
_d1895-1925
_tMás cosas de Lilís
700 1 _a Lugo, Américo,
_d1870-1952
_epról.
910 _aVMateo V. Control de calidad BPMSU
942 _2ddc
_cBK
999 _c14556
_d14556